The dirty wars; (Record no. 548076)
[ view plain ]
| 000 -LEADER | |
|---|---|
| fixed length control field | 00543nam a22001571 4500 |
| 082 00 - DEWEY DECIMAL CLASSIFICATION NUMBER | |
| Classification number | 355.425 |
| Author Mark | DIR |
| -- | L-30, P-42 |
| 100 1# - MAIN ENTRY--PERSONAL NAME | |
| Personal name | Robinson, Donald B., |
| 9 (RLIN) | 44240 |
| 245 14 - TITLE STATEMENT | |
| Title | The dirty wars; |
| Remainder of title | guerrilla actions and other forms of unconventional warfare. |
| Statement of responsibility, etc. | With an introd. by S. L. A. Marshall. |
| 260 ## - PUBLICATION, DISTRIBUTION, ETC. | |
| Place of publication, distribution, etc. | New York, |
| Name of publisher, distributor, etc. | Delacorte Press |
| Date of publication, distribution, etc. | [1968] |
| 300 ## - PHYSICAL DESCRIPTION | |
| Extent | xxv, 356 p. |
| Dimensions | 24 cm. |
| 526 ## - STUDY PROGRAM INFORMATION NOTE | |
| Program name | 0 |
| Interest level | 0 |
| Reading level | 0 |
| Title point value | 355_425000000000000_DIR |
| 650 #0 - SUBJECT ADDED ENTRY--TOPICAL TERM | |
| Topical term or geographic name entry element | Guerrillas. |
| 9 (RLIN) | 44241 |
| 650 #0 - SUBJECT ADDED ENTRY--TOPICAL TERM | |
| Topical term or geographic name entry element | MCE |
| 9 (RLIN) | 379 |
| 650 #0 - SUBJECT ADDED ENTRY--TOPICAL TERM | |
| Topical term or geographic name entry element | Military history, Modern |
| 9 (RLIN) | 36714 |
| 942 ## - ADDED ENTRY ELEMENTS (KOHA) | |
| Source of classification or shelving scheme | |
| Koha item type | Book |
| Withdrawn status | Lost status | Source of classification or shelving scheme | Damaged status | Not for loan | Permanent Location | Current Location | Date acquired | Total Checkouts | Full call number | Barcode | Date last seen | Price effective from | Koha item type |
|---|---|---|---|---|---|---|---|---|---|---|---|---|---|
| Military College of Engineering (MCE) | Military College of Engineering (MCE) | 08/20/2014 | 355.425 DIR | MCE-3677 | 08/20/2014 | 08/20/2014 | Book |
